Век на крайности (Запис номер 54158)
[ съкратено ]
| 000 -Лидер | |
|---|---|
| Контролно поле с фиксирана дължина | 01555nam a2200361 c 4500 |
| 003 - Код на организацията, давaща контролен номер | |
| Контролно поле | BLK |
| 005 - Дата и час на последна редакция | |
| Контролно поле | 20221010092617.0 |
| 008 - Елементи от данни с фиксирана дължина | |
| fixed length control field | 180408b bul|||||r ||||||| ||bul|| |
| 010 ## - Наследен системен номер | |
| LC control number | KNG00058102000 |
| 020 ## - Международен стандартен номер на книга ISBN | |
| Международен стандартен номер на книга ISBN | 954-9890-77-7 |
| -- | издат.: КАМА |
| 040 ## - Източник на каталожния запис | |
| Идентификатор на билиотеката - собственик на записа | BLK |
| 041 ## - Код за език | |
| Код за езика на текст/звукозапис или на отделно заглавие | Български |
| Код за езика КДБФ | Български |
| 080 ## - УДК | |
| Текстов определител УДК | |
| УДК код - определител по УДК | 940.2/.5 |
| УДК определител | (075.8) |
| УДК - код + определител | 940.2/.5(075.8) |
| 080 ## - УДК | |
| Текстов определител УДК | Обща световна история. История на света |
| УДК код - определител по УДК | 930.9 |
| УДК определител | (075.8) |
| УДК - код + определител | 930.9(075.8) |
| 139 ## - Редно поле | |
| Редна дума | Век на крайности |
| Авторски знак | Век - В 37 |
| 245 10 - Сведения за заглавието | |
| Заглавие | Век на крайности |
| Подзаглавни данни | История на съвременността от 1870 г. до наши дни |
| Редно поле (дума) | под ред. на Патрис Тушар; прев. от фр. Аделина Проданова. |
| 257 ## - Страна на издаване | |
| Страна на създаване/издаване | Франция |
| 260 ## - Област на издателските данни | |
| -- | София |
| Име на издателя, разпространителя и проч. | КАМА |
| Година на издаване | 2005 |
| 300 ## - Физическа характеристика | |
| Страници | 636 с. |
| Размери/Мащаб | 24 см |
| 380 ## - Жанр | |
| Жанр | История |
| 490 1# - СЕРИИ (Колекции) | |
| Име на серия | Поредица Университети |
| №: серия | 5 |
| 500 ## - Общи забележки | |
| Забележка | Ориг. загл. Le siecle des exces. - Съдържа и Европа и светът / Андрей Пантев. - Азб. показалец. |
| 650 #4 - Допълнително описание по предмет – тема | |
| Основно описание – тема или топоним | История, нова - учебници за ВУЗ |
| 9 (RLIN) | 253042 |
| 650 #4 - Допълнително описание по предмет – тема | |
| Основно описание – тема или топоним | История, световна |
| 9 (RLIN) | 261939 |
| 653 ## - Ключова дума – ненормативна | |
| Ключова дума | история на света |
| 700 1# - Други автори (авторска отговорност) | |
| Лично име | Тушар, Патрис |
| Автороска отговорност (Описва отношението между автора и произведението) | под ред. на |
| 9 (RLIN) | 131877 |
| 700 1# - Други автори (авторска отговорност) | |
| Лично име | Проданова, Аделина |
| 9 (RLIN) | 372523 |
| 852 ## - Местоположение | |
| Форматна сигнатура | Цб 226326 |
| 856 4# - Електронен адрес и достъп | |
| Електронен формат | pdf - файл |
| Път до файла /url/ | |
| 856 4# - Електронен адрес и достъп | |
| Електронен формат | pdf - файл |
| Път до файла /url/ | |
| 942 ## - АРТИКУЛИ | |
| Вид на библиотечния материал | Книги |
| Скрит в OPAC | Не |
| 944 ## - СЪЗДАВАНЕ И РЕДАКЦИЯ на ЗАПИСА | |
| Създаване/Редакция | Създаване |
| Дата на регистрацията/редакция | 03.02.2006 |
| Служител, извършил регистрацията/редакцията | Геновева_Генчева |
| 944 ## - СЪЗДАВАНЕ И РЕДАКЦИЯ на ЗАПИСА | |
| Създаване/Редакция | Редакция |
| Дата на регистрацията/редакция | 02.02.2007 |
| Служител, извършил регистрацията/редакцията | |
| 999 ## - СИСТЕМНИ КОНТРОЛНИ НОМЕРА | |
| Koha biblionumber | 54158 |
| Koha biblioitemnumber | 54158 |
| Код за отписване | Код за изгубен артикул | Източник на класификационната схема | Код за повреда | Коз за рестрикции | Код за отдаване | Артикулен № | Име на библиотеката - собственик | Име на библиотеката, в която се намира в момента | Статус (Текущо местоположение) | Дата на вписване в системата | Местоположение - отдел | Цена в лева | Инвентарен номер | Систематично азбучна сигнатура | Баркод | Номер на екземпляра | Цена в евро | Служебна бележка | Служебен тип на артикула |
|---|---|---|---|---|---|---|---|---|---|---|---|---|---|---|---|---|---|---|---|
| Не е изгубен | Universal Decimal Classification | Не е повреден | без рестрикции | ползва се в читалня | 85384 | Регионална библиотека "Любен Каравелов" Русе | Регионална библиотека "Любен Каравелов" Русе | Читалня | 2006-02-03 | Читалня | 19.00 | 120000699903 | Ч 93/94/В 37 | 120000699903 | 1 | 9.71 | Дост: Pk Вид: Ф N: 8910 Дата: 02.02.2006 Дата инв: 28.03.2017 Бележки инв: Ч2017 | Книги |